[Event "Wittelsbach op 1st"]
[Site "Kelheim"]
[Date "2012.12.29"]
[Round "7"]
[White "Braun, Thomas1"]
[Black "Schmidt, Franz"]
[Result "1-0"]
[WhiteElo "2162"]
[BlackElo "1883"]
[PlyCount "31"]
[EventDate "2012.12.26"]
[EventType "swiss"]
[EventRounds "7"]
[EventCountry "GER"]
[SourceTitle "EXT 2014"]
[Source "ChessBase"]
[SourceDate "2013.11.20"]
[SourceVersion "1"]
[SourceVersionDate "2013.11.20"]
[SourceQuality "1"]

1. d4 d5 2. c4 c6 3. Nc3 e5 4. cxd5 cxd5 5. e4 dxe4 6. Bb5+ Bd7 7. dxe5 Nc6 8. Bf4 Qb6 9. Nge2 Nge7 10. 0-0 Ng6 11. Nd5 Qd8 12. e6 fxe6 13. Nc7+ Kf7 14. Nxa8 Nxf4 15. Nxf4 Qxa8 16. Qxd7+ 1-0

[Event "Nittenau-ch 11th"]
[Site "Nittenau"]
[Date "2011.09.18"]
[Round "5"]
[White "Schmidt, Franz"]
[Black "Straschewski, Joerg"]
[Result "1-0"]
[WhiteElo "1692"]
[BlackElo "1907"]
[PlyCount "73"]
[EventDate "2011.09.16"]
[EventType "swiss"]
[EventRounds "5"]
[EventCountry "GER"]
[SourceTitle "EXT 2022"]
[Source "ChessBase"]
[SourceDate "2021.10.06"]
[SourceVersion "1"]
[SourceVersionDate "2021.10.06"]
[SourceQuality "1"]

1. e4 e6 2. d4 d5 3. Nc3 Bb4 4. e5 c5 5. a3 Bxc3+ 6. bxc3 Ne7 7. Nf3 Bd7 8. h4 Ba4 9. h5 h6 10. Rh4 Qa5 11. dxc5 Nd7 12. Bd2 Bc6 13. Bd3 Nxc5 14. Rg4 g6 15. hxg6 Nxd3+ 16. cxd3 Nxg6 17. Qe2 Qc7 18. a4 h5 19. Rg3 h4 20. Rh3 0-0-0 21. Bg5 Rdg8 22. d4 f5 23. exf6 Nf4 24. Bxf4 Qxf4 25. Qe5 Qxe5+ 26. dxe5 Rxg2 27. Rxh4 Rxh4 28. Nxh4 Rg4 29. Nf3 Kd8 30. Kd2 Bxa4 31. Nd4 Be8 32. Rxa7 Re4 33. f4 Kc7 34. Nxe6+ Kb8 35. Rxb7+ Kc8 36. Rc7+ Kb8 37. f7 1-0

[Event "Karl Mala Memorial op 14th"]
[Site "Frankfurt"]
[Date "2011.07.10"]
[Round "7"]
[White "Cattus, Nico"]
[Black "Schmidt, Franz"]
[Result "1-0"]
[WhiteElo "2201"]
[BlackElo "1857"]
[PlyCount "27"]
[EventDate "2011.07.07"]
[EventType "swiss"]
[EventRounds "7"]
[EventCountry "GER"]
[SourceTitle "EXT 2012"]
[Source "ChessBase"]
[SourceDate "2011.11.24"]
[SourceVersion "1"]
[SourceVersionDate "2011.11.24"]
[SourceQuality "1"]

1. d4 d5 2. c4 c6 3. Nf3 Nf6 4. Nc3 dxc4 5. a4 Bf5 6. Ne5 Nbd7 7. Nxc4 Qc7 8. g3 e5 9. dxe5 Nxe5 10. Bf4 Rd8 11. Qc1 Nfd7 12. Bxe5 Nxe5 13. Qf4 Be6 14. Qxe5 1-0

[Event "Nittenau-ch 10th"]
[Site "Nittenau"]
[Date "2010.09.18"]
[Round "3"]
[White "Schmidt, Franz"]
[Black "Forster, Stephan"]
[Result "1/2-1/2"]
[WhiteElo "1736"]
[BlackElo "1499"]
[PlyCount "36"]
[EventDate "2010.09.17"]
[EventType "swiss"]
[EventRounds "5"]
[EventCountry "GER"]
[SourceTitle "EXT 2022"]
[Source "ChessBase"]
[SourceDate "2021.10.06"]
[SourceVersion "1"]
[SourceVersionDate "2021.10.06"]
[SourceQuality "1"]

1. e4 c5 2. Nf3 d6 3. d4 cxd4 4. Nxd4 g6 5. Nc3 Bg7 6. Be3 Nf6 7. f3 0-0 8. Bc4 Nc6 9. Bb3 Na5 10. Qd2 Nxb3 11. Nxb3 Re8 12. 0-0-0 Be6 13. h4 Bxb3 14. axb3 Qa5 15. Kb1 Rac8 16. g4 Rc6 17. Nd5 Qxd2 18. Rxd2 Nxd5 1/2-1/2

[Event "Nittenau-ch 10th"]
[Site "Nittenau"]
[Date "2010.09.18"]
[Round "2"]
[White "Straschewski, Joerg"]
[Black "Schmidt, Franz"]
[Result "1-0"]
[WhiteElo "1932"]
[BlackElo "1736"]
[PlyCount "51"]
[EventDate "2010.09.17"]
[EventType "swiss"]
[EventRounds "5"]
[EventCountry "GER"]
[SourceTitle "EXT 2022"]
[Source "ChessBase"]
[SourceDate "2021.10.06"]
[SourceVersion "1"]
[SourceVersionDate "2021.10.06"]
[SourceQuality "1"]

1. d4 d5 2. c4 c6 3. Nc3 Nf6 4. cxd5 cxd5 5. Nf3 Nc6 6. Bf4 Bf5 7. e3 e6 8. Ne5 Bd6 9. Bb5 Bxe5 10. Bxc6+ bxc6 11. Bxe5 0-0 12. 0-0 Nd7 13. Bd6 Re8 14. Rc1 Qb6 15. Na4 Qb5 16. b3 Rac8 17. Rc3 h6 18. Qd2 Nf6 19. f3 Nd7 20. Nc5 Nf6 21. Rfc1 Red8 22. Be7 Re8 23. Bxf6 gxf6 24. e4 Bg6 25. Qxh6 Qe2 26. Nd7 1-0

[Event "Deggendorf op 3rd"]
[Site "Deggendorf"]
[Date "2010.09.05"]
[Round "4"]
[White "Haselbeck, Franz"]
[Black "Schmidt, Franz"]
[Result "1-0"]
[WhiteElo "1979"]
[BlackElo "1724"]
[PlyCount "91"]
[EventDate "2010.09.03"]
[EventType "swiss"]
[EventRounds "5"]
[EventCountry "GER"]
[SourceTitle "CBM 138 Extra"]
[Source "ChessBase"]
[SourceDate "2010.10.29"]
[SourceVersion "1"]
[SourceVersionDate "2010.10.29"]
[SourceQuality "1"]

1. Nf3 d5 2. g3 c6 3. Bg2 Nf6 4. 0-0 e6 5. d3 c5 6. Nbd2 Nc6 7. e4 Be7 8. Re1 0-0 9. e5 Nd7 10. c3 b6 11. Nf1 Qc7 12. Qe2 a5 13. a4 Ba6 14. h4 b5 15. axb5 Bxb5 16. h5 h6 17. N1h2 Rfe8 18. Ng4 Nf8 19. Nfh2 Nh7 20. Bd2 c4 21. d4 Rab8 22. Be3 Bd8 23. f4 Ne7 24. Bd2 Nf5 25. Qf2 g6 26. hxg6 fxg6 27. Ne3 Nxe3 28. Qxe3 Qg7 29. Rf1 Kh8 30. Be1 Bd7 31. Ra2 h5 32. Qf3 a4 33. g4 hxg4 34. Qxg4 Qh6 35. Bxd5 exd5 36. Qxd7 Re7 37. Qxd5 Reb7 38. Qg2 a3 39. bxa3 Rb1 40. Raf2 Rd1 41. Bd2 Rbb1 42. f5 Bg5 43. Bxg5 Nxg5 44. Qa8+ Kh7 45. fxg6+ Kxg6 46. Rf6+ 1-0

[Event "Deggendorf op 3rd"]
[Site "Deggendorf"]
[Date "2010.09.03"]
[Round "1"]
[White "Schmidt, Franz"]
[Black "Boebl, Frederik"]
[Result "1-0"]
[WhiteElo "1724"]
[BlackElo "890"]
[PlyCount "71"]
[EventDate "2010.09.03"]
[EventType "swiss"]
[EventRounds "5"]
[EventCountry "GER"]
[SourceTitle "CBM 138 Extra"]
[Source "ChessBase"]
[SourceDate "2010.10.29"]
[SourceVersion "1"]
[SourceVersionDate "2010.10.29"]
[SourceQuality "1"]

1. e4 e5 2. Nf3 Nc6 3. Bb5 a6 4. Ba4 b5 5. Bb3 Nf6 6. 0-0 Be7 7. Re1 d6 8. c3 Bg4 9. h3 Bh5 10. d3 0-0 11. Nbd2 d5 12. exd5 Nxd5 13. Nf1 Re8 14. Ng3 Bxf3 15. Qxf3 Nf4 16. Qxc6 Nxd3 17. Rd1 Bc5 18. Ne4 Bb6 19. Bg5 Qc8 20. Rxd3 Qf5 21. Rf3 Qg6 22. Bxf7+ Qxf7 23. Rxf7 Kxf7 24. Qd5+ Kf8 25. Rd1 h6 26. Bh4 g5 27. Bxg5 hxg5 28. Nxg5 Re7 29. Qxa8+ Kg7 30. Rd3 Kg6 31. Rf3 e4 32. Nxe4 Rxe4 33. Qg8+ Kh6 34. Rf6+ Kh5 35. Qg6+ Kh4 36. Qh6# 1-0

[Event "Nittenau-ch 09th"]
[Site "Nittenau"]
[Date "2009.09.20"]
[Round "5"]
[White "Giessmann, Stephan"]
[Black "Schmidt, Franz"]
[Result "1-0"]
[WhiteElo "2161"]
[BlackElo "1721"]
[PlyCount "113"]
[EventDate "2009.09.18"]
[EventType "swiss"]
[EventRounds "5"]
[EventCountry "GER"]
[SourceTitle "EXT 2022"]
[Source "ChessBase"]
[SourceDate "2021.10.06"]
[SourceVersion "1"]
[SourceVersionDate "2021.10.06"]
[SourceQuality "1"]

1. d4 d5 2. c4 c6 3. cxd5 cxd5 4. Nc3 Nf6 5. Nf3 Nc6 6. Bf4 e6 7. e3 Bd6 8. Bxd6 Qxd6 9. Bd3 a6 10. 0-0 0-0 11. Na4 e5 12. dxe5 Nxe5 13. Be2 Bg4 14. Nxe5 Bxe2 15. Qxe2 Qxe5 16. Rfd1 Rac8 17. Nc3 b5 18. Rd4 Rc4 19. Rad1 Rxd4 20. Rxd4 Rc8 21. Qd1 Rc4 22. Ne2 Ng4 23. g3 Qh5 24. h4 Qf5 25. Rf4 Rxf4 26. Nxf4 Nf6 27. f3 h6 28. Qd3 Qc8 29. Kg2 Qc4 30. b3 Qc1 31. a4 bxa4 32. bxa4 Qc4 33. Qd4 Qc2+ 34. Kg1 Qc1+ 35. Kf2 Qc2+ 36. Ne2 Qf5 37. g4 Qe6 38. Nf4 Qd6 39. g5 hxg5 40. hxg5 Nh5 41. Qxd5 Qc7 42. Qa8+ Kh7 43. Qxa6 Nxf4 44. exf4 Qxf4 45. Qd3+ g6 46. Qd5 Kg7 47. a5 Qb4 48. Qe5+ Kf8 49. Qh8+ Ke7 50. Qf6+ Ke8 51. a6 Qd2+ 52. Kg3 Qe1+ 53. Kg4 Qb4+ 54. f4 Qd2 55. Qc6+ Ke7 56. Qf3 Kd6 57. a7 1-0

[Event "Erbendorf op"]
[Site "Erbendorf"]
[Date "2009.06.13"]
[Round "5"]
[White "Behrens, Kai"]
[Black "Schmidt, Franz"]
[Result "1-0"]
[WhiteElo "1898"]
[BlackElo "1719"]
[PlyCount "47"]
[EventDate "2009.06.11"]
[EventType "swiss"]
[EventRounds "7"]
[EventCountry "GER"]
[SourceTitle "CBM 130 Extra"]
[Source "ChessBase"]
[SourceDate "2009.07.02"]
[SourceVersion "2"]
[SourceVersionDate "2009.07.15"]
[SourceQuality "1"]

1. d4 d5 2. Nf3 Nf6 3. c4 e6 4. Nc3 c6 5. Bg5 h6 6. Bh4 dxc4 7. Bxf6 Qxf6 8. a4 Bb4 9. Qc2 b5 10. axb5 cxb5 11. Qe4 Qf5 12. Qxa8 Qc2 13. Rd1 Bxc3+ 14. bxc3 Qxc3+ 15. Nd2 0-0 16. Qxb8 Qa5 17. e3 Ba6 18. Qxa7 c3 19. Nb3 Qb4 20. Qxa6 c2+ 21. Nd2 cxd1Q+ 22. Kxd1 Rb8 23. Bd3 Qb2 24. Ke2 1-0

[Event "Erbendorf op"]
[Site "Erbendorf"]
[Date "2009.06.13"]
[Round "6"]
[White "Schmidt, Franz"]
[Black "Karwath, Hermann"]
[Result "1-0"]
[WhiteElo "1719"]
[BlackElo "1302"]
[PlyCount "41"]
[EventDate "2009.06.11"]
[EventType "swiss"]
[EventRounds "7"]
[EventCountry "GER"]
[SourceTitle "CBM 130 Extra"]
[Source "ChessBase"]
[SourceDate "2009.07.02"]
[SourceVersion "2"]
[SourceVersionDate "2009.07.15"]
[SourceQuality "1"]

1. e4 d5 2. exd5 Nf6 3. d4 Nxd5 4. c4 Nf6 5. Nf3 e6 6. Nc3 Bb4 7. a3 Bxc3+ 8. bxc3 0-0 9. Bg5 h6 10. Bh4 g5 11. Nxg5 hxg5 12. Bxg5 Kg7 13. Qf3 Nbd7 14. h4 c5 15. Rd1 Qa5 16. Rh3 Qd8 17. dxc5 Kh8 18. Rd4 Rg8 19. Rf4 Rg6 20. Bd3 Rxg5 21. hxg5+ 1-0

[Event "Erbendorf op"]
[Site "Erbendorf"]
[Date "2009.06.11"]
[Round "1"]
[White "Schindler, Viktor"]
[Black "Schmidt, Franz"]
[Result "1-0"]
[WhiteElo "2140"]
[BlackElo "1719"]
[PlyCount "79"]
[EventDate "2009.06.11"]
[EventType "swiss"]
[EventRounds "7"]
[EventCountry "GER"]
[SourceTitle "CBM 130 Extra"]
[Source "ChessBase"]
[SourceDate "2009.07.02"]
[SourceVersion "2"]
[SourceVersionDate "2009.07.15"]
[SourceQuality "1"]

1. e4 e5 2. Nf3 Nc6 3. Bb5 a6 4. Ba4 Nf6 5. Qe2 b5 6. Bb3 Be7 7. c3 d6 8. 0-0 0-0 9. Rd1 Bg4 10. h3 Bxf3 11. Qxf3 Na5 12. Bc2 c5 13. d3 h6 14. Nd2 Rb8 15. Nf1 b4 16. Ng3 Nh7 17. Nf5 Bg5 18. Qg3 Qf6 19. h4 Bxc1 20. Raxc1 bxc3 21. bxc3 Rb2 22. Bb3 Rb8 23. Bd5 Nf8 24. f4 Kh7 25. fxe5 dxe5 26. Rf1 Ng6 27. Ne3 Nf4 28. Kh2 Re2 29. Rb1 Rbb2 30. Rxb2 Rxb2 31. d4 cxd4 32. cxd4 g5 33. dxe5 Qxe5 34. Ng4 Qg7 35. Rxf4 gxf4 36. Qxf4 h5 37. Nf6+ Kh8 38. e5 Rb6 39. Qf5 Qg6 40. Qc8+ 1-0